MARC details
| 000 -LEADER |
| fixed length control field |
01740cam a2200349 a 4500 |
| 001 - CONTROL NUMBER |
| control field |
11949978 |
| 003 - CONTROL NUMBER IDENTIFIER |
| control field |
GZU |
| 005 - DATE AND TIME OF LATEST TRANSACTION |
| control field |
20210513095327.0 |
| 008 - FIXED-LENGTH DATA ELEMENTS--GENERAL INFORMATION |
| fixed length control field |
990721s1999 ne br 001 0 eng d |
| 010 ## - LIBRARY OF CONGRESS CONTROL NUMBER |
| LC control number |
00307514 |
| 020 ## - INTERNATIONAL STANDARD BOOK NUMBER |
| International Standard Book Number |
9068327119 (Royal Tropical Institute) |
| 020 ## - INTERNATIONAL STANDARD BOOK NUMBER |
| International Standard Book Number |
0855984252 (Oxfam GB) |
| 035 ## - SYSTEM CONTROL NUMBER |
| System control number |
(OCoLC)ocm41938135 |
| 040 ## - CATALOGING SOURCE |
| Original cataloging agency |
CUZ |
| Transcribing agency |
CUZ |
| Modifying agency |
OHX |
| -- |
DLC |
| 042 ## - AUTHENTICATION CODE |
| Authentication code |
lccopycat |
| 050 00 - LIBRARY OF CONGRESS CALL NUMBER |
| Classification number |
HQ1177 WOM 1999 |
| Item number |
.W65 1999 |
| 245 00 - TITLE STATEMENT |
| Title |
Women's information services and networks : |
| Remainder of title |
a global source book. / |
| 260 ## - PUBLICATION, DISTRIBUTION, ETC. |
| Place of publication, distribution, etc. |
Amsterdam, Netherlands : |
| Name of publisher, distributor, etc. |
Royal Tropical Institute ; |
| Place of publication, distribution, etc. |
Oxford, U.K. : |
| Name of publisher, distributor, etc. |
Oxfam GB, |
| Date of publication, distribution, etc. |
c1999. |
| 300 ## - PHYSICAL DESCRIPTION |
| Extent |
176 p. ; |
| Dimensions |
24 cm. |
| 440 #0 - SERIES STATEMENT/ADDED ENTRY--TITLE |
| Title |
Gender, society & development ; |
| Volume/sequential designation |
3 |
| 440 #0 - SERIES STATEMENT/ADDED ENTRY--TITLE |
| Title |
Critical reviews and annotated bibliographies series, |
| International Standard Serial Number |
1382-4686 |
| 500 ## - GENERAL NOTE |
| General note |
Includes bibliography |
| 504 ## - BIBLIOGRAPHY, ETC. NOTE |
| Bibliography, etc. note |
Includes bibliographical references and indexes. |
| 505 0# - FORMATTED CONTENTS NOTE |
| Formatted contents note |
Women's information centres and networks : a global perspective / Minke Valk, Henk van Dam, and Sarah Cummings -- Celebrating the power, diversity, and strength of African women's networks / Jennifer Radloff -- Weaving webs of unity : the experience of Asia and the Pacific / Chat Garcia -- Looking for a sister : women's groups and networking in Central and Eastern Europe and the Newly Independent States / Delina Fico. |
| 650 #0 - SUBJECT ADDED ENTRY--TOPICAL TERM |
| Topical term or geographic name entry element |
Women |
| General subdivision |
Information services. |
| 650 #0 - SUBJECT ADDED ENTRY--TOPICAL TERM |
| Topical term or geographic name entry element |
Women |
| General subdivision |
Information services |
| Form subdivision |
Directories. |
| 650 #0 - SUBJECT ADDED ENTRY--TOPICAL TERM |
| Topical term or geographic name entry element |
Women |
| General subdivision |
Social networks. |
| 650 #0 - SUBJECT ADDED ENTRY--TOPICAL TERM |
| Topical term or geographic name entry element |
Women |
| General subdivision |
Social networks |
| Form subdivision |
Directories. |
| 906 ## - LOCAL DATA ELEMENT F, LDF (RLIN) |
| a |
7 |
| b |
cbc |
| c |
copycat |
| d |
3 |
| e |
ncip |
| f |
20 |
| g |
y-gencatlg |
| 942 ## - ADDED ENTRY ELEMENTS (KOHA) |
| Source of classification or shelving scheme |
Library of Congress Classification |
| Koha item type |
Books |
| Classification part |
1177 |
| Item part |
WOM |
| Call number prefix |
HQ |